LIBRARY & INFORMATION CENTRE, KCAET, TAVANUR

ONLINE PUBLIC ACCESS CATALOGUE (OPAC)

Mobile crane manual / (Record no. 6818)

MARC details
000 -LEADER
fixed length control field 00388cam a2200157ua 4500
041 ## - LANGUAGE CODE
Language code of text/sound track or separate title eng
082 ## - DEWEY DECIMAL CLASSIFICATION NUMBER
Classification number 028.72621
Item number DIC/MO
100 ## - MAIN ENTRY--AUTHOR NAME
Personal name Dickie, Donald .
245 00 - TITLE STATEMENT
Title Mobile crane manual /
250 ## - EDITION STATEMENT
Edition statement 1 /
260 ## - PUBLICATION, DISTRIBUTION, ETC. (IMPRINT)
Place of publication London :
Name of publisher Butterworth Scientific ,
Year of publication 1985.
300 ## - PHYSICAL DESCRIPTION
Number of Pages 353 ; .
942 ## - ADDED ENTRY ELEMENTS (KOHA)
Koha item type Books
Holdings
Withdrawn status Lost status Damaged status Home library Current library Date acquired Full call number Accession Number Koha item type
      KAUAET KAUAET 31/08/1987 028.72621 16326 Reference
free website counter